Responses for Show #7650 - Friday, December 8, 2017

Contestants

[<< previous game]

Ben Raphel, a healthcare data analyst from Boston, Massachusetts

Laura Miller, an attorney from Arlington, Virginia

Kyle Becker, a research scientist from Nashville, Tennessee (whose 4-day cash winnings total $63,802)

[next game >>]

Jeopardy! Round responses

THE FOOD CHAIN
STATELY BODIES OF WATER
HAMMER
FROM B TO C
I SING THE BODY
ELECTRIC
    $200 16
Subway

Kyle
    $200 1
the Colorado River

Ben
    $200 4
the knee

Kyle
    $200 7
a biopic

Kyle
    $200 22
"Can't Feel My Face"

Ben
    $200 11
generators

Kyle
    $400 17
Wendy's

Kyle
    $1,000 2
Lake Michigan

Ben
    $400 9
(Laura: What is Thor's hammer?)
(Alex: The hammer--)
(Laura: Or the hammer of Thor?)
(Alex: No.)

the hammer throw

LauraBen
    $400 8
(Laura: Who's a Buccaneer? Or [*]?)

Buc

Laura
    $400 23
"Your Body Is A Wonderland"

Laura
    $400 21
currents

Ben
    $600 18
Dairy Queen

Kyle
    $600 3
(Kyle: What is the Mississippi River?)

the Arkansas River

KyleLaura
    $600 14
the hammerhead shark

Laura
    $600 10
bronc

Triple Stumper
    $600 24
"Hips Don't Lie"

Kyle
    $600 25
the filament

Kyle
    $800 19
the Olive Garden

Laura
    $800 5
the Gulf of Alaska

Triple Stumper
    $800 15
(Ben: What is nails?)

the anvil

Ben
Triple Stumper
    $800 12
Bosc

Laura
    $800 29
insane in the brain

Ben
    $800 26
120

Kyle
    $1000 20
Panda Express

Kyle
    $1000 6
the Illinois River

Ben
    $1000 28
felt

Laura
    $1000 13
a bivouac

Laura
    $1000 30
"Body Like A Back Road"

Ben
    $1000 27
superconductivity

Triple Stumper

Scores at the first commercial break (after clue 15):

Kyle Laura Ben
$0 $3,000 $1,800

Scores at the end of the Jeopardy! Round:

Kyle Laura Ben
$4,200 $5,200 $4,200

Double Jeopardy! Round responses

ASIAN CULTURE
14-LETTER WORDS
STATE DEPARTMENT HISTORY
WRITERS & WRITING
FOSSIL FUELS
STAGE NAME'S THE SAME
(Alex: Give us the same last name that both people use professionally.)
    $400 11
The Arabian Nights

Ben
    $400 13
(Kyle: What is surveillance?)

reconnaissance

KyleLaura
    $400 1
[Kyle selected the first clue.]

Foggy Bottom

Kyle
    $400 18
(Émile) Zola

Ben
    $400 23
Venezuela

Kyle
    $400 6
(Alex: Mel and Albert [*].)

Brooks

Laura
    $800 12
kabuki

Kyle
    $800 14
cinematography

Ben
    $800 2
France

Kyle
    $800 19
gothic

Laura
    $800 24
(Ben: What are reserves?)
(Kyle: What are aquifers?)

reservoirs

KyleLauraBen
    $800 7
(Alex: Redd and Jamie.)

Foxx

Ben
    $3,000 15
Vietnam

Ben
    $1200 28
impressionable

Kyle
    $1200 3
Iran

Kyle
    $1200 20
Edward Lear

Triple Stumper
    $1200 25
peat

Kyle
    $1200 8
(Alex: Les and Aaron [*].)

Paul

Ben
    $1600 16
(Ben: What is Java?)

Bali

Ben
Triple Stumper
    $1600 29
rehabilitation

Kyle
    $1600 4
compliance

Triple Stumper
    $1600 21
Into the Water

Triple Stumper
    $1600 26
Pennsylvania

Ben
    $1600 9
Garrett

Ben
    $2000 17
Bengali

Triple Stumper
    $2,000 30
macroeconomics

Kyle
    $2000 5
containment

Ben
    $2000 22
The Doors

Triple Stumper
    $2000 27
shale

Laura
    $2000 10
(Alex: Joan and Michael.)

Crawford

Ben

Scores at the end of the Double Jeopardy! Round:

Kyle Laura Ben
$12,600 $9,600 $15,600

[wagering suggestions for these scores]

Final Jeopardy! Round responses

PRIMETIME TV ACTRESSES
(Alex: [To Laura] An important word in the clue was "beat". Had to do with police work. And you came up with "Who is [*]?" The star of Law & Order: SVU.)
LauraWho is Mariska Hargitay?
$9,599
KyleWho is ?
$3,001
BenWho is Mariska Hargitay?
$9,601
Mariska Hargitay

Final scores:

Kyle Laura Ben
$9,599 $19,199 $25,201
3rd place: $1,000 2nd place: $2,000 New champion: $25,201

Game dynamics:

Coryat scores:

Kyle Laura Ben
$12,600 $9,600 $13,200
19 R
(including 1 DD),
3 W
13 R,
1 W
18 R
(including 2 DDs),
3 W

Combined Coryat: $35,400

[game clues] [game scores] [suggest correction]

Game tape date: 2017-08-29
The J! Archive is created by fans, for fans. Scraping, republication, monetization, and malicious use prohibited; this site may use cookies and collect identifying information. See terms. The Jeopardy! game show and all elements thereof, including but not limited to copyright and trademark thereto, are the property of Jeopardy Productions, Inc. and are protected under law. This website is not affiliated with, sponsored by, or operated by Jeopardy Productions, Inc. Join the discussion at JBoard.tv.